Обзор печати в России за 1915 год

Доступно только в Электронных читальных залах Найти на картеНа карте
RUSMARC
00003647nmc2a2200000 x 450
001d0cc694d-e8d5-4973-90ae-a6333f60b4a8
00520161228223200.0
100##$a20140505l19151915k l0rusy0189 ca
1010#$arus
102##$aRU
2001#$aОбзор печати в России за 1915 год
$j2 сентября - 23 октября 1915 г.
$hЧасть 3
251##$cДело
300##$aДело
801#0$aRU
$bРГИА
$c20140505
$gRCR
801#1$aRU
$bГлавНИВЦ
$c20140505
$2rusmarc
801#2$aRU
$bПБ им. Б.Н. Ельцина
$c20161228
$gRCR
$2rusmarc
850##$aРГИА
852##$aРГИА
$eФедеральное казенное учреждение "Российский государственный исторический архив" (РГИА)
$j98
937##$hРГИА
$d11357198
$aASBIBLIO_SCAN
462#0$100149fe4397-7e63-45b2-96e7-fbaf3aeb9b81
$12001
$aОбзоры русской и иностранной периодической печати
$1251
$cОпись
$1852
$j2
461#0$100170bfa5a4-889e-44db-9b74-75899b008a1e
$12001
$aОбзоры печати, выписки и вырезки из печати (коллекция)
$1251
$cФонд
$1852
$j1470
215##$a417 л.
$d36,5х26 см
371##$aДокумент не является опубликованным и широко распространяемым
105##$ay###
1222#$ad
035##$ad0cc694d-e8d5-4973-90ae-a6333f60b4a8
856##$uhttp://readingroom.main.prlib.ru/item.aspx?id_node=n93584630&mode=full
Формат отображения